000 00367 a2200157 4500
001 58720
020 _a8532249094
040 _cAnchieta - Pituba
100 _aTota, Antonio Pedro
240 1 0 _aHistória por eixos temáticos
_lpor
245 1 0 _aHistória por eixos temáticos
300 _a238/48
362 0 _a2002
650 4 _aHistória do mundo
942 _cBK
999 _c58720
_d58720